• 首页
  • 本馆介绍
  • 公告通知
  • 最新文献
  • 馆藏检索
  • 电子资源
  • 读者导购
  • 参考咨询
  • 我的图书馆
  • 登录
  • 详细信息显示
  • 放入我的书架
  • 预约/预借图书
  • 作者相关作品
  • 分类相关作品
  • 丛书相关作品
  • 出版社相关作品

书目信息

  • 表格格式
  • 工作单格式
  • 卡片格式
题名:
健身体能锻炼方法与评定
    
 
作者: 朱学雷 , 陈小平 主编
分册:  
出版信息: 北京   北京体育大学出版社  2015
页数: 360页
开本: 23cm
丛书名:
单 册:
中图分类: G808.14 , G808.1
科图分类:
主题词: 体能--身体训练--高等职业教育--教材 , 体育理论
电子资源:
ISBN: 978-7-5644-1766-6
000 01503nam0 2200337 450
001 1636172098
005 20160405100607.93
010    @a978-7-5644-1766-6@dCNY36.00
090    @aG808@bzxl
096    @aG808@bzxl
100    @a20150707d2015 em y0chiy50 ea
101 0  @achi
102    @aCN@b110000
105    @aa z 000yy
106    @ar
200 1  @a健身体能锻炼方法与评定@b专著@Ajian shen ti neng duan lian fang fa yu ping ding
210    @a北京@c北京体育大学出版社@d2015
215    @a360页@c图@d23cm
300    @a教育部“十二五”职业教育国家级规划教材 国家体育总局高等职业教育“十二五”规划教材
312    @a封面英文题名:Exercise methods and evaluation of fintness
314    @a封面责任者题:朱学雷、陈小平主编
330    @a本书主要针对大众健身人群,从健身体能教练员岗位的工作流程出发,从“测试”和“锻炼”两个方面系统阐述体能教练员入职前需要掌握的必要技能,将高职体能教学强调的会测试、会示范、会教授为教学目标,作为撰写的基本原则,打破了过去国内健身体能教材普遍重理论原则、轻实践操作的传统,对一些理论原则不作过多的阐述,而力求将每一项技能的操作方法和评价标准进行量化。
510 1  @aExercise methods and evaluation of fintness@zeng
606 0  @a体能@x身体训练@x高等职业教育@j教材
606 0  @a体育理论
690    @aG808.14@v5
690    @aG808.1@v4
701  0 @a朱学雷@c(运动心理学)@4主编@Azhu xue lei
701  0 @a陈小平@c(体育锻炼)@4主编@Achen xiao ping
801  0 @aCN@b大连网信软件有限公司图书馆·11@c20160405
905    @aZUCC@dG808.1@et67
    
    健身体能锻炼方法与评定.-北京:北京体育大学出版社,2015
    360页:图;23cm
    教育部“十二五”职业教育国家级规划教材 国家体育总局高等职业教育“十二五”规划教材
    
    ISBN 978-7-5644-1766-6:CNY36.00
    本书主要针对大众健身人群,从健身体能教练员岗位的工作流程出发,从“测试”和“锻炼”两个方面系统阐述体能教练员入职前需要掌握的必要技能,将高职体能教学强调的会测试、会示范、会教授为教学目标,作为撰写的基本原则,打破了过去国内健身体能教材普遍重理论原则、轻实践操作的传统,对一些理论原则不作过多的阐述,而力求将每一项技能的操作方法和评价标准进行量化。
●
相关链接 在E读中查询图书 在五车中查询图书 在当当中查询图书 在豆瓣中查询图书


正题名:健身体能锻炼方法与评定     索取号:G808.1/t67         预约/预借

序号 登录号 条形码 馆藏地/架位号 状态 备注
1 6940599   269405994   密集书库-体育系/ [索取号:G808.1/t67] 在馆    
2 6940603   269406038   密集书库-体育系/ [索取号:G808.1/t67] 在馆    
3 6940606   269406065   密集书库-体育系/ [索取号:G808.1/t67] 在馆    
4 6940607   269406074   体育系资料室/ [索取号:G808.1/t67] 在馆    
唐山师范学院图书馆 欢迎您!
大连网信软件有限公司© 版权所有